000 00440nam a2200193Ia 4500
003 OSt
005 20221005121719.0
006 a|||||r|||| 00| 0
007 ta
008 221004b |||||||| |||| 00| 0 eng d
024 _a110919
037 _cTextual
040 _aCRL
_cCRL
_beng
041 _2eng
_aeng
245 0 _aHusing valeurder senigal de 1817-1854
260 _c1921
942 _cTEXL
_2cc
999 _c1042028
_d1042028